000 00370nam a22001217a 4500
040 _cRUA
082 _aANN ឡោ 2020 A126 Or.1
100 _aឡោ ប៊ុណ្ណា​
245 _aAnnual Report 2020 , របាយការណ៍ប្រចាំឆ្នាំ២០២០​
260 _aPHNOM PENH
_bRUA
_c2020
300 _avii,
_bill,
_c29cm,
942 _cREC
999 _c25182
_d25182